000 01891nam0a2200361 4500
001 RU\NLR\BIBL_A\011866487
005 20200909165141.0
010 _a978-5-361-00605-2
_9500
021 _aRU
_bКН-П-18-080290
_9КН-П-18-5817
035 _a(NLR Aleph) 011866487
035 _a(RuMoRGB)009785722
090 _a12181345
_c12181345
100 _a20181120d2018 k y0rusy50 ca
101 0 _arus
102 _aRU
105 _aa|||z|||000zy
200 1 _aКонкурентоспособность экономических систем: проблемы, закономерности, перспективы
_eмонография
_f[Старикова Мария Сергеевна, Денисова Евгения Дмитриевна, Пономарев Иван Николаевич, Новоятлев Михаил Александрович]
210 _aБелгород
_cИзд-во БГТУ
_d2018
215 _a70 с.
_cил., табл.
_d21
300 _aАвт. указаны перед вып. дан.
320 _aБиблиогр. в конце параграфов
606 1 _aПредприятия
_xКонкурентоспособность
_yРоссийская Федерация
_92269729
_3RU\NLR\AUTH\661360462
686 1 _aУ29(2Р)
686 1 _aУ9(2)-13(2Р)
701 1 _aСтарикова
_bМ. С.
_gМария Сергеевна
701 1 _7ca
_8rus
_aДенисова
_bЕ. Д.
_cинженер-экономист
_gЕвгения Дмитриевна
_9199543
_3RU\NLR\AUTH\770199594
701 1 _aНовоятлев
_bМ. А.
_gМихаил Александрович
701 1 _7ca
_8rus
_aПономарев
_bИ. Н.
_cэкономист
_gИван Николаевич
_9220445
_3RU\NLR\AUTH\770220501
942 _cBOOK
980 _aNBR
980 _aNB